Normal view
MARC view
Entry Personal Name
001 - CONTROL NUMBER
- control field: 592995
003 - CONTROL NUMBER IDENTIFIER
- control field:
005 - DATE AND TIME OF LATEST TRANSACTION
- control field: 20210603110258.0
008 - FIXED-LENGTH DATA ELEMENTS
- fixed length control field: 210603|| aca||aabn | a|a d
040 ## - CATALOGING SOURCE
- Original cataloging agency:
- Transcribing agency:
100 ## - HEADING--PERSONAL NAME
- Personal name: Slack, Adrian
- Fuller form of name: (Adrian Charles)
670 ## - SOURCE DATA FOUND
- Source citation: Work cat.: (): Slack, Adrian (Adrian Charles), Carnivorous plants /, c1979
